[Event "Hessen-ch Gr-B 64th"]
[Site "Bad Vilbel"]
[Date "2010.03.31"]
[Round "1"]
[White "Zimmermann, Hendrik"]
[Black "Czech, Ludwig"]
[Result "0-1"]
[WhiteElo "2088"]
[BlackElo "2160"]
[PlyCount "78"]
[EventDate "2010.03.31"]
[EventType "swiss"]
[EventRounds "7"]
[EventCountry "GER"]
[SourceTitle "EXT 2011"]
[Source "ChessBase"]
[SourceDate "2010.11.26"]
[SourceVersion "1"]
[SourceVersionDate "2010.11.26"]
[SourceQuality "1"]

1. d4 f5 2. g3 Nf6 3. Bg2 g6 4. Nf3 Bg7 5. 0-0 0-0 6. c4 d6 7. Nc3 c6 8. d5 Bd7 9. Qb3 Qc8 10. Be3 c5 11. Rae1 Na6 12. Bd2 Nc7 13. e4 fxe4 14. Ng5 Rb8 15. a4 Qe8 16. Qc2 e3 17. Rxe3 Ng4 18. Re2 Bf5 19. Nce4 Qd7 20. f3 Ne5 21. g4 Bxe4 22. Nxe4 a6 23. a5 b5 24. axb6 Rxb6 25. h3 Rxb2 26. Qxb2 Nxf3+ 27. Rxf3 Bxb2 28. Rxf8+ Kxf8 29. Bh6+ Bg7 30. Rf2+ Kg8 31. Bxg7 Kxg7 32. Ra2 h6 33. Bf3 Qc8 34. Rb2 a5 35. Ra2 Qa6 36. Ra4 Qb6 37. Bd1 Na6 38. Kf1 Nb4 39. Nc3 Nd3 0-1

[Event "Oberliga Ost-B 0910"]
[Site "Germany"]
[Date "2009.11.15"]
[Round "3.7"]
[White "Schmuck, Helmut"]
[Black "Czech, Ludwig"]
[Result "1/2-1/2"]
[WhiteElo "2077"]
[BlackElo "2147"]
[PlyCount "90"]
[EventDate "2009.10.18"]
[EventType "team-tourn"]
[EventRounds "11"]
[EventCountry "GER"]
[SourceTitle "EXT 2011"]
[Source "ChessBase"]
[SourceDate "2010.11.26"]
[SourceVersion "1"]
[SourceVersionDate "2010.11.26"]
[SourceQuality "1"]
[WhiteTeam "Erfurt Medizin"]
[BlackTeam "Offenbach"]
[WhiteTeamCountry "GER"]
[BlackTeamCountry "GER"]

1. d4 f5 2. c4 Nf6 3. g3 g6 4. Bg2 Bg7 5. Nc3 0-0 6. Nf3 d6 7. d5 c6 8. 0-0 Qe8 9. Nd4 e5 10. dxe6 Bxe6 11. Nxe6 Qxe6 12. Qb3 Rf7 13. Rd1 Na6 14. Be3 Ng4 15. Bd4 Ne5 16. Bxe5 dxe5 17. Na4 Bf8 18. Qc2 Re8 19. c5 e4 20. e3 Nb4 21. Qd2 Nd3 22. Qa5 a6 23. Bf1 Ne5 24. Nb6 Kg7 25. Qc3 Kh6 26. Kg2 Rc7 27. Rac1 Bg7 28. Qb3 Qxb3 29. axb3 Ree7 30. Rc2 Nd7 31. Nxd7 Rcxd7 32. Rcd2 Rxd2 33. Rxd2 Be5 34. b4 Kg7 35. Bc4 Kf8 36. Rd8+ Kg7 37. Rd2 Kf6 38. h3 Bc7 39. Kf1 g5 40. Kg2 h5 41. Be2 h4 42. Bc4 Rg7 43. Bb3 g4 44. gxh4 gxh3+ 45. Kxh3 Be5 1/2-1/2

[Event "Frankfurt-ch"]
[Site "Frankfurt"]
[Date "2009.06.29"]
[Round "7"]
[White "Czech, Ludwig"]
[Black "Kretner, Georg Ulrich"]
[Result "1/2-1/2"]
[WhiteElo "2085"]
[BlackElo "1850"]
[PlyCount "94"]
[EventDate "2009.04.27"]
[EventType "tourn"]
[EventRounds "7"]
[EventCountry "GER"]
[SourceTitle "EXT 2010"]
[Source "ChessBase"]
[SourceDate "2010.11.25"]
[SourceVersion "1"]
[SourceVersionDate "2010.11.25"]
[SourceQuality "1"]

1. c4 g6 2. g3 Bg7 3. Bg2 Nf6 4. Nc3 d6 5. e4 0-0 6. Nge2 c6 7. 0-0 a5 8. h3 e5 9. d3 Na6 10. Be3 Be6 11. b3 Ne8 12. d4 exd4 13. Bxd4 Bxd4 14. Qxd4 Qf6 15. Rad1 Qxd4 16. Rxd4 Nc5 17. Rfd1 f5 18. Nf4 fxe4 19. Nxe6 Nxe6 20. Rxe4 Nc5 21. Red4 Rf7 22. Ne4 Nxe4 23. Rxe4 Kf8 24. f4 Re7 25. Kf2 Rd8 26. Red4 Ra8 27. Bf3 c5 28. Re4 Rxe4 29. Bxe4 Ra7 30. Bf3 a4 31. Rd3 axb3 32. axb3 Ra2+ 33. Ke3 b6 34. Bc6 Rb2 35. Ba4 Ke7 36. Ke4 Nc7 37. Re3 d5+ 38. Kf3+ Kd6 39. Rd3 d4 40. Rd1 Rc2 41. Rd3 Rc1 42. Rd2 Rc3+ 43. Kf2 Ne6 44. Re2 Ng7 45. Re5 Nf5 46. Rd5+ Ke7 47. Rd7+ Kf6 1/2-1/2